000 00568nam a2200193Ia 4500
001 39
005 20240113233352.0
007 ta
008 041016s906- a g b000 u u
020 _cHB
082 _a580
_bca 125 sp
100 _aCalder , c.c. .
245 0 _aList of species &gen of india phanerogans not included in sir j.d. hookers flora of british india /
_cC.C. Calder.
_hTextual Documents
260 _bDerha dan international book distributor ,
_c1906-1924.
300 _a157p. :
_bill ;
653 _aBotany
942 _2ddc
_cBK
999 _c39
_d39